00892cam a22002417a 4500003000500000005001700005008004100022010001000063011001000073020001500083035001000098040000900108082001200117100003000129245007900159260008900238300001000327410007700337490006800414650002300482810007700505830006800582CHAP20220329141913.0980513d1996 mx r 01010 spa d a75520 a76492 a9706209530 a86077 cCHAP04a863bS300aSalazar, Severinoecoord.10aTréboles :bhomenaje a Jorge López Medelc/coord. por Severino Salazar aMéxico, D. F. :bUniversidad Autónoma Metropolitana. Unidad Azcapotzalco,c1996. a78 p.21aUAM. Unidad Azcapotzalco.bDivisión de Ciencias Sociales y Humanidades 0aBiblioteca de Ciencias Sociales y Humanidades. Serie literatura14aCuentos mexicanos.21aUAM. Unidad Azcapotzalco.bDivisión de Ciencias Sociales y Humanidades00aBiblioteca de Ciencias Sociales y Humanidades. Serie literatura